Kindergarten Sight Words(In a sentence)#1 Quiz Stats

 Plays Quiz not verified by Sporcle

Score 0/10 Timer 20:00
0 Plays Today
Question Answer Wrong Answers
We go ___ the movies. to
91.2%
two
3.5%
too
3.5%
I have ____ dog. a
91.2%
pink
1.8%
two
3.5%
___ that your toy? is
89.5%
I
5.3%
A
1.8%
I ___ read! can
89.5%
should
3.5%
am
3.5%
I ____ my friends. like
87.7%
give
3.5%
take
3.5%
______ went home. I
87.7%
Dog
1.8%
Cat
5.3%
___ play everyday. We
84.2%
She
1.8%
He
3.5%
Me
3.5%
I can ___ my dogs after school. see
82.5%
sea
1.8%
ride
8.8%
I am ___ Me
82.5%
He
3.5%
She
7%
We
1.8%
___ dog is brown. The
77.2%
is
0%
A
19.3%

You're not logged in!

Compare scores with friends on all Sporcle quizzes.
OR
Log In

Sporcle TV

Today on Sporcle TV


Watch our educational content, quiz creation guides, and fun videos on Sporcle TV.

Show Comments

Extras

Top Quizzes Today


Score Distribution

Your Account Isn't Verified!

In order to create a playlist on Sporcle, you need to verify the email address you used during registration. Go to your Sporcle Settings to finish the process.

Report this User

Report this user for behavior that violates our Community Guidelines.

Details: